Statistics for Cities Chain - USA

Click here to take the quiz!

General Stats

  • This quiz has been taken 73 times
  • The average score is 12 of 16

Answer Stats

StateCity% Correct
Texas (starts with an A)Austin
97%
New YorkNew York City
91%
GeorgiaAtlanta
89%
CaliforniaSan Francisco
84%
MichiganDetroit
83%
AlaskaAnchorage
81%
MinnesotaMinneapolis
81%
TexasEl Paso
78%
NebraskaOmaha
75%
OklahomaTulsa
72%
New YorkYonkers
70%
ArizonaMesa
67%
CaliforniaOakland
66%
CaliforniaAnaheim
58%
North CarolinaDurham
50%
MissouriSpringfield
39%

Score Distribution

Percentile by Number Answered

Percent of People with Each Score

Your Score History

You have not taken this quiz